000 00714nam a2200217Ia 4500
005 20250507130351.0
008 008 250505s9999 xx 000 0 eng d
020 _a9780743264655
037 _aAnnuals, Advances
040 _aEASL
_beng
_cEASL
041 _aeng
_2eng
084 _aU2894.42, P6
_qEASL
100 _aHammer Joshua
_9665371
245 0 _aYokohama Burning: The deadly 1923 Earthquake and Fire That Helped Forge the Path to the World WarII
260 _aUSA
_bNew York Free Press
_c2006
300 _axvi,313p.
365 _b2094.00
650 _aKanto Earthquake - Japan - Yokohama-shi; JEL
_9755275
942 _cTEXL
_hU2894.42, P6
999 _c1319272
_d1319272